| 000 | 00502nam a22001337a 4500 | ||
|---|---|---|---|
| 005 | 20241004100937.0 | ||
| 008 | 241004b |||||||| |||| 00| 0 eng d | ||
| 100 |
_aCanonizado, Isagani Costales. _eauthor. _962235 |
||
| 245 |
_aLarosa lansangan / _cIsagani Costales Canonizado. |
||
| 260 |
_aPhilippines: _bPublishers Association of the Philippines, Inc., _cJanuary 2019. |
||
| 300 |
_aVolume 66, pages 312, _billustration. |
||
| 700 |
_aCanonizado, Isagani Costales. _eauthor. _962236 |
||
| 942 |
_2ddc _cPER |
||
| 999 |
_c22206 _d22206 |
||